Highest Rated Hip Hop Albums on AOTY.org - Statistics

General Stats
  • This quiz has been taken 81 times
  • The average score is 17 of 25
Answer Stats
Artist Rating Answer % Correct
Kendrick Lamar 94 good kid, m.A.A.d city
99%
Kendrick Lamar 95 To Pimp a Butterfly
97%
Kanye West 91 The College Dropout
96%
Lauryn Hill 91 The Miseducation of Lauryn Hill
93%
Nas 93 Illmatic
91%
Madvillain 93 Madvillainy
90%
Kanye West 89 My Beautiful Dark Twisted Fantasy
88%
Wu-Tang Clan 92 Enter the Wu-Tang (36 Chambers)
85%
Kanye West 90 Late Registration
82%
JID 90 The Forever Story
82%
Freddie Gibbs & Madlib 90 Piñata
78%
A Tribe Called Quest 90 The Low End Theory
78%
OutKast 90 Aquemini
72%
Danny Brown 90 Atrocity Exhibition
71%
Mos Def 90 Black on Both Sides
71%
J Dilla 89 Donuts
69%
Mobb Deep 90 The Infamous
65%
JPEGMAFIA 90 LP! (Offline Version)
56%
Little Simz 89 Sometimes I Might Be Introvert
51%
Death Grips 89 Exmillitary
46%
A Tribe Called Quest 89 We got it from Here… Thank You 4 Your service
37%
Nujabes 89 Metaphorical Music
35%
Earl Sweatshirt 89 solace
35%
Lil Ugly Mane 89 UNEVEN COMPROMISE
25%
Racionais MC’s 89 Sobreviviendo no inferno
6%
No matching quizzes found
Score Distribution
Percent of People with Each Score
Percentile by Number Answered
Your Score History
You have not taken this quiz